000 00788nam a2200229 a 4500
999 _c6957
_d6957
001 6957
003 BD-JhCC
005 20180203095750.0
008 180203s2009 bg |||| ||a| 000 0 ben d
035 _a(BD-JhCC)6957
040 _aBD-JhCC
_dBD-JhCC
041 _aben
082 _a954.03
_bBAN 2009
245 _aচিরস্থায়ী বন্দোবস্ত ও বাঙালি সমাজ /
_cমুনতাসীর মামুন (সম্পাদিত)
260 _aঢাকা :
_bমাওলা ব্রাদার্স,
_c2009
300 _a221 p. :
_c22 cm.
650 _aPolitics and Government
650 _aIndia-Bengal
700 _aমামুন, মুনতাসীর (সম্পাদিত)
942 _2ddc
_cBK